书目信息 |
| 题名: |
文冠果种实性状与引种栽培研究
|
|
| 作者: | 侯元凯 , 杨超伟 著 | |
| 分册: | ||
| 出版信息: | 北京 中国农业出版社 2013.06 |
|
| 页数: | 127页 | |
| 开本: | 21cm | |
| 丛书名: | ||
| 单 册: | ||
| 中图分类: | S667.9 | |
| 科图分类: | ||
| 主题词: | 文冠果--栽培--研究 , 文冠果 | |
| 电子资源: | ||
| ISBN: | 978-7-109-17811-3 | |
| 000 | 00975nam0 2200265 450 | |
| 001 | 012013166050 | |
| 005 | 20140609084511.84 | |
| 010 | @a978-7-109-17811-3@dCNY20.00 | |
| 100 | @a20130724d2013 em y0chiy0110 ea | |
| 101 | 0 | @achi@eeng |
| 102 | @aCN@b110000 | |
| 105 | @aafk z 000yy | |
| 106 | @ar | |
| 200 | 1 | @a文冠果种实性状与引种栽培研究@9wen guan guo zhong shi xing zhuang yu yin zhong zai pei yan jiu@f侯元凯,杨超伟等著 |
| 210 | @a北京@c中国农业出版社@d2013.06 | |
| 215 | @a127页@c图,照片,图版(3页)@d21cm | |
| 330 | @a本书初步筛选文冠果、花椒、黄连木、油桐、光皮树、麻疯树、绿玉树、椰子、油棕等10种作为生物柴油树种。内容包括:研究背景和意义、我国生物柴油树种选择与评价等。 | |
| 333 | @a文冠果种实性状与引种栽培研究相关人员 | |
| 606 | 0 | @a文冠果@x栽培@x研究 |
| 606 | 0 | @a文冠果 |
| 690 | @aS667.9@v5 | |
| 701 | 0 | @a侯元凯@9hou yuan kai@4著 |
| 701 | 0 | @a杨超伟@9yang chao wei@4著 |
| 801 | 0 | @aCN@b人天书店@c20130724 |
| 905 | @b547961-63@dS667.9@e276@f3 | |
| 文冠果种实性状与引种栽培研究/侯元凯,杨超伟等著.-北京:中国农业出版社,2013.06 |
| 127页:图,照片,图版(3页);21cm |
| 使用对象:文冠果种实性状与引种栽培研究相关人员 |
| ISBN 978-7-109-17811-3:CNY20.00 |
| 本书初步筛选文冠果、花椒、黄连木、油桐、光皮树、麻疯树、绿玉树、椰子、油棕等10种作为生物柴油树种。内容包括:研究背景和意义、我国生物柴油树种选择与评价等。 |
| ● |
| 相关链接 |
|
|
|
|
正题名:文冠果种实性状与引种栽培研究
索取号:S667.9/276
 
预约/预借
| 序号 | 登录号 | 条形码 | 馆藏地/架位号 | 状态 | 备注 |
| 1 | 547961 | 205479613 | 第二样本阅览室/ [索取号:S667.9/276] | 在馆 | |
| 2 | 547962 | 205479622 | 密集书库-生命科学系/ [索取号:S667.9/276] | 在馆 | |
| 3 | 547963 | 205479631 | 第三借阅区/ [索取号:S667.9/276] | 在馆 |